| 000 | 00879nam a2200217Ii 4500 | ||
|---|---|---|---|
| 003 | JO-AjNU | ||
| 008 | 230605s9999||||xx |||||||||||||| ||und|| | ||
| 017 | _a2007/2/489 | ||
| 040 |
_aJO-AjNU _bara _erda _cJO-AjNU |
||
| 041 | _aara | ||
| 050 | 1 | 4 | _aKBP4692.R3238.2007 |
| 100 | 3 |
_a الربابعة، حسين محمد , _eauthor _945204 |
|
| 245 | 0 | 0 | _aأحكام الشهادة وعقوبة شاهد الزور في الإسلام |
| 250 | _aط1 | ||
| 264 | 3 | 1 | _aعمان : دار يافا العلمية ، 2007 |
| 300 |
_a240ص _bيشتمل على قائمة المصادر والمراجع الببلوغرافية ص (237 - 240 ) |
||
| 336 |
_atext _btxt _2rdacontent |
||
| 337 |
_aunmediated _bn _2rdamedia |
||
| 338 |
_avolume _bnc _2rdacarrier |
||
| 650 | 4 |
_aالشهادة (محاكم ) - القضاء - الشريعة الاسلامية - العقوبات _945205 |
|
| 999 |
_aA19577 _c23145 _d23145 |
||